000 00206nam a22000857a 4500
999 _c6259
_d6259
008 170302b xxu||||| |||| 00| 0 eng d
020 _a9788131227039
100 _93016
_aHall.J.E
245 _aMedical Laboratory
260 _aGurgaon
_bHT
_c2011